000 00406pab a2200157 454500
008 180718b2006 xxu||||| |||| 00| 0 eng d
100 _aGupta, Lalit
245 _aEvaluation work: raising accountability and valuable input through reports
260 _c2006
300 _ap.4-8.
362 _a27 Feb
650 _aAccountability
650 _aEvaluation
773 _aUniversity News
909 _a68994
999 _c68994
_d68994